|
|
|
|
| LEADER |
02012nam a2200469 i 4500 |
| 001 |
nkc20193161113 |
| 003 |
CZ PrNK |
| 005 |
20191217115914.0 |
| 007 |
ta |
| 008 |
191125s2019 xr g 000 j cze |
| 015 |
|
|
|a cnb003161113
|
| 020 |
|
|
|a 978-80-264-2810-7
|q (vázáno) :
|c Kč 299,00
|
| 035 |
|
|
|a (OCoLC)1135580112
|
| 040 |
|
|
|a ABG001
|b cze
|d ABA001
|e rda
|
| 041 |
1 |
|
|a cze
|h eng
|
| 072 |
|
7 |
|a 821.111(73)-3
|x Americká próza
|2 Konspekt
|9 25
|
| 080 |
|
|
|a 821.111(73)-32
|2 MRF
|
| 080 |
|
|
|a 636.09-051
|2 MRF
|
| 080 |
|
|
|a (0:82-32)
|2 MRF
|
| 100 |
1 |
|
|a MacVean, Duncan
|7 xx0242184
|4 aut
|
| 240 |
1 |
0 |
|a My patients like treats.
|l Česky
|
| 245 |
1 |
0 |
|a Moji pacienti mají čtyři nohy :
|b zápisky zvěrolékaře /
|c Duncan MacVean ; překlad: Vladimír Fuksa
|
| 246 |
3 |
0 |
|a Zápisky zvěrolékaře
|
| 250 |
|
|
|a 1. vydání
|
| 264 |
|
1 |
|a Brno :
|b CPress,
|c 2019
|
| 300 |
|
|
|a 237 stran ;
|c 22 cm
|
| 336 |
|
|
|a text
|b txt
|2 rdacontent
|
| 337 |
|
|
|a bez média
|b n
|2 rdamedia
|
| 338 |
|
|
|a svazek
|b nc
|2 rdacarrier
|
| 500 |
|
|
|a Přeloženo z angličtiny
|
| 520 |
2 |
|
|a S nadhledem pojaté příběhy ze života amerického zvěrolékaře a jeho pacientů, které jsou, jak už to v životě často bývá, ve své pravdivosti někdy podivnější než fikce.
|b Kalifornský veterinář s pětadvacetiletou praxí využívá svých profesních zkušeností a v jeho sympaticky pojaté povídkové knize zaznívá vedle nevšedních pracovních zážitků především láskyplný vztah mezi člověkem a zvířetem.
|
| 650 |
0 |
7 |
|a veterinární lékaři
|7 ph232610
|2 czenas
|
| 650 |
0 |
9 |
|a veterinary practitioners
|2 eczenas
|
| 655 |
|
7 |
|a americké povídky
|7 fd131793
|2 czenas
|
| 655 |
|
9 |
|a American short stories
|2 eczenas
|
| 700 |
1 |
|
|a Fuksa, Vladimír
|7 xx0037778
|4 trl
|
| 910 |
2 |
|
|a BOA001
|b 2-1438.748
|
| 928 |
9 |
|
|a Albatros Media - CPress
|
| 990 |
|
|
|a BK
|
| 995 |
|
|
|a 01
|
| 991 |
|
|
|b 201912
|c NOV
|
| 996 |
6 |
|
|b 2610808883
|c 2-1438.748
|l MZK
|r Sklad / do 1 hodiny
|n 1
|p p.v.
|w 001771910
|u 000010
|a 1
|e BOA001
|j MZK50
|s P
|